Swanthatroyathar hindi kahani meim manav prathibha (Record no. 45589)

000 -LEADER
fixed length control field 00440nam a22001571a 4500
020 ## - INTERNATIONAL STANDARD BOOK NUMBER
Terms of availability 0.00
040 ## - CATALOGING SOURCE
Original cataloging agency SSUS - Library - Kalady
082 ## - DEWEY DECIMAL CLASSIFICATION NUMBER
Classification number H301 009 HET SWA
Item number M83
100 ## - MAIN ENTRY--PERSONAL NAME
Personal name Hethu Baradwaj
245 ## - TITLE STATEMENT
Title Swanthatroyathar hindi kahani meim manav prathibha
Medium [Text]
260 ## - PUBLICATION, DISTRIBUTION, ETC.
Place of publication, distribution, etc. Jaipur
Name of publisher, distributor, etc. Panchsheel
Date of publication, distribution, etc. 1983
300 ## - PHYSICAL DESCRIPTION
Extent 247p.
600 ## - SUBJECT ADDED ENTRY--PERSONAL NAME
Personal name Stories Hindi Criticism
852 ## - LOCATION
-- 65.00
--
942 ## - ADDED ENTRY ELEMENTS (KOHA)
Koha item type Book
Holdings
Withdrawn status Lost status Damaged status Not for loan Permanent Location Current Location Date acquired Cost, normal purchase price Total Checkouts Full call number Barcode Date last seen Cost, replacement price Price effective from Koha item type
Write off     Not For Loan Sree Sankaracharya University of Sanskrit Sree Sankaracharya University of Sanskrit 08.01.2015 65.00   H301 009 HET SWA M83 041802 08.01.2015 0.00 08.01.2015 Book